000 01027nam a22002537a 4500
999 _c1619
_d1619
003 AR-CdUCM
008 190227b ||||| |||| 00| 0 spa d
020 _a848370
040 _aMUNICIPALIDAD PROVINCIAL DEL CUSCO
_cBIBLIOTECA MUNICIPAL DEL CUSCO
041 _hale
082 _a291.17 /
_bR84
100 _aRösing, Ina
_96052
245 _aLa Mesa Blanca Callawaya :
_bvariaciones locales y curación del susto /
260 _aBolivia :
_bLos amigos del libro,
_c1993.
300 _a260 paginas ;
_c19 cm.
505 _at4 EL problema de la ortografía Quechua -- Conceptos fundamentales de la curación Callawaya y su traducción -- El sufrimiento de Satuco y el pan del señor -- La curación ritual para la gloria y para los lugares sagrados...
650 _aAndes Bolivianos
_96053
650 _aRituales nocturnos
_96054
650 _aFolklore Boliviano
_96055
650 _aTradiciones de los pueblos
_96056
700 _aPuente, Rafael (Traducción)
_96057
942 _2ddc
_cLIBROS
945 _awnts
_d2019-02-27